[Event "ISR-chT"]
[Site "Israel"]
[Date "1998.02.19"]
[Round "?"]
[White "Tsesarsky, Ilya"]
[Black "Goldin, Alexander"]
[Result "1-0"]
[WhiteElo "2425"]
[BlackElo "2590"]
[Annotator "Tsesarsky,I"]
[PlyCount "77"]
[EventDate "1998.01.15"]
[EventType "team-tourn"]
[EventRounds "10"]
[EventCountry "ISR"]
[SourceTitle "CBM 063"]
[Source "ChessBase"]
[SourceDate "1998.03.26"]
[SourceVersion "1"]
[SourceVersionDate "1998.03.26"]
[SourceQuality "1"]

1. Nf3 Nf6 2. c4 e6 3. Nc3 Bb4 4. g3 b6 5. Bg2 Bb7 6. O-O O-O 7. Qc2 d5 8. cxd5
exd5 9. d4 Nbd7 (9... Re8 {Ribli} 10. Bf4 c6 11. Ne5 $14 {Neverov,V-Kiselev,S/
Bucharest/1993/}) 10. Bf4 (10. Rd1 $5 {Ribli Miles,A-Timman,J/Linares/1983/})
10... c6 (10... Re8 11. Nb5 Nh5 12. Bxc7 Qe7 13. a3 a6 14. Qb3 axb5 15. Qxb4
Qxe2 16. Rac1 Nhf6 17. Rfe1 $16 {1-0 Eingorn,V-Balashov,Y/URS-ch56 Odessa 1989
(21)}) (10... a6 11. Ne5 (11. Qb3 Bxc3 12. Qxc3 c5 13. dxc5 bxc5 14. b4 Ne4 15.
Qb2 c4 16. Be3 $14 {1/2-1/2 Seul,G-Kengis,E/Bonn GSK-3 Bad Godesburg 1996 (26)}
) (11. Rfd1 Re8 12. Ne5 Bd6 13. Nd3 Qe7 14. Rac1 Rac8 15. Qb3 $14 {1-0
Hakulinen Esko Matti-Tammela,K/TAMPERE TARAUS 1990 (58)}) 11... c5 12. Nxd7
Qxd7 13. Na4 Qb5 14. a3 Ba5 15. dxc5 $16 {1-0 Uhlmann,W-Popovic,P/Vinkovci
1982 (31)}) 11. a3 (11. Rad1 Re8 12. a3 (12. Ne5 Qe7 13. Rfe1 Nxe5 14. Bxe5
Rad8 15. Qf5 Qe6 {1/2-1/2 Gulko,B-Kholmov,R/Moscow-ch 1984}) 12... Bf8 13. Rfe1
$14) (11. Rfd1 $5 {Ribli}) 11... Bxc3 12. bxc3 $1 $14 (12. Qxc3 Re8 13. Rfe1 c5
14. dxc5 Nxc5 15. b4 (15. Nd4 {Ribli} Rc8 $13) 15... Nce4 16. Qb2 Ng4 17. Rf1
Rc8 18. h3 $14 {0-1 Sieglen,J-Rozentalis,E/Bonn GSK 1994 (28)}) 12... Re8 13.
Rfe1 (13. e3 $2 Ne4 14. Nd2 (14. c4 g5 $17) 14... Nxd2 15. Qxd2 g5 $17) 13...
c5 (13... Qe7 14. c4 $14) 14. Ne5 Nxe5 $6 (14... cxd4 15. cxd4 Nxe5 16. Bxe5 (
16. dxe5 Ne4 $11) 16... Ne4 17. Rac1 Rc8 18. Qb3 $14) 15. dxe5 $14 Nd7 $2 (
15... Nh5 $1 16. Rad1 $1 (16. c4 Nxf4 17. gxf4 Re7 18. cxd5 Bxd5 19. Red1 Rd7
20. e4 (20. Bh3 Be4 $1 21. Qb3 c4 22. Qa4 Bc6 23. Rxd7 Bxa4 24. Rxd8+ Rxd8 $15)
(20. Bxd5 Rxd5 21. Rxd5 Qxd5 22. Rd1 Qe6 23. Qe4 (23. f3 Rf8 24. e4 f6 25. Rd6
Qe7 26. Qc4+ Kh8 27. Re6 Qf7 28. f5 (28. exf6 gxf6 29. f5 Rd8 $15) 28... fxe5
29. Qc3 Qd7 30. Qxe5 Qd1+ 31. Kg2 Qe2+ 32. Kg3 Qe1+ 33. Kg4 Qg1+ 34. Qg3 $132)
23... Re8 24. Qf3 $132) 20... Bb7 21. Rxd7 Qxd7 22. Rd1 Qg4 23. Qd3 Rf8 24. Qd7
$132) 16... Nxf4 17. gxf4 Qh4 18. e3 Qg4 19. Qe2 Qg6 20. Kh1 $14) 16. c4 $16
Nxe5 17. cxd5 Qd6 18. e4 Rac8 $2 (18... f6 $8 19. Re3 (19. Bxe5 $1 fxe5 (19...
Qxe5 20. f4 $16) 20. Bh3 $16) (19. Bd2 $2 c4 20. Bb4 (20. Bc3 Nd3 21. Re3 b5
22. Rb1 (22. Rxd3 cxd3 23. Qxd3 a6 24. f4 Rac8 25. Bd4 (25. e5 fxe5 26. fxe5
Rxe5 (26... Rxc3 27. Qxc3 Qxe5 28. Qxe5 Rxe5 29. Rc1 $14) 27. Bxe5 Qxe5 $15)
25... Rc4 26. Rd1 Ra4 27. Bb2 Qc5+ 28. Kh1 Rc4 29. Rd2 $132) 22... a6 23. Bf1
Qxa3 (23... Nc5 24. Bb4 $14) 24. Bxd3 cxd3 25. Qxd3 $132) 20... Qd7 21. f4 Nd3
22. Re2 a5 23. Bc3 b5 24. Rb1 Re7 $132) 19... Rad8 20. Rc3 $14) 19. Bxe5 $1 $16
Qxe5 (19... Rxe5 20. f4 Ree8 21. e5 $16) 20. f4 Qd4+ (20... Qh5 21. e5 Rcd8 22.
Rad1 $16) 21. Qf2 Qxf2+ 22. Kxf2 Rcd8 $2 (22... c4 $1 23. Rac1 (23. e5 Rc5 24.
Red1 (24. d6 Bxg2 25. Kxg2 b5 $132 26. Kf3 a5 27. Ke4 c3 28. Rec1 Kf8 29. Rc2
b4 30. axb4 axb4 31. Kd4 Rb5 32. Kc4 Rb7 33. Kb3 f6 34. Ra4 fxe5 35. fxe5 Reb8
(35... Rxe5 36. Rf2+ Ke8 37. Ra8+ Kd7 38. Rf7+ Kc6 39. Rc8+ Kb6 40. Rxb7+ Kxb7
41. d7 $18) 36. e6 Rb6 37. e7+ $18) 24... c3 25. Rac1 Rd8 26. d6 Bxg2 27. Kxg2
Kf8 28. Kf3 (28. Rd3 c2 29. Rd2 Rdc8 30. g4 b5 31. f5 Rxe5 32. Rcxc2 Rxc2 33.
Rxc2 Ke8 $11) 28... c2 (28... Ke8 29. Rd3 c2 30. Rd2 Rc3+ 31. Ke4 Rxa3 32.
Rdxc2 $16) 29. Rd2 Rdc8 30. d7 Rd8 31. Rcxc2 Rxc2 32. Rxc2 Rxd7 33. f5 (33. Ke4
g6 (33... Ke7 34. f5) 34. g4 h5 35. gxh5 gxh5 36. f5 h4 37. f6 Kg8 38. Rg2+ $16
) 33... Rd3+ 34. Ke4 Rxa3 35. Rc8+ Ke7 36. Rc7+ Ke8 $44) (23. a4 c3 24. Rac1 (
24. Rec1 Rc5 25. Ra3 c2 26. Ra2 Rec8 27. Ke3 f5 28. exf5 (28. e5 Kf7 29. Bh1
$132) 28... Kf7 29. g4 (29. Be4 Re8 $19) 29... Rc4 30. a5 (30. h4 R8c5 31. g5
h6 32. h5 Rc3+ 33. Kd2 Rg3 34. Bh1 Rh3 $17) 30... bxa5 (30... b5 31. a6 Ba8 32.
Kd3 Rd8 33. Raxc2 Bxd5 34. Bxd5+ Rxd5+ 35. Ke3 Rxc2 36. Rxc2 Rd7 37. Rc5 $16)
31. Rxa5 a6 32. Ra2 R8c5 33. Be4 Bxd5 (33... Rxe4+ 34. Kxe4 Bxd5+ 35. Kd4 Bxa2
36. Kxc5 Bb1 37. g5 $18) 34. Bxd5+ Rxd5 35. Raxc2 Rxc2 36. Rxc2 Rd7 37. Ra2 $16
) 24... Rc4 25. Re3 (25. Rc2 Rxa4 (25... Rec8 26. Rec1 R8c5 27. Ke3 (27. f5 Kf8
28. Ke3 a5 29. Kd3 Ba6 30. Ke3 Bb7 (30... Ke7 31. Bf1) 31. Bf1 Rxa4 32. Rxc3
Ra3 33. Rxa3 Rxc1 34. Bd3 $16) 27... f5 28. exf5 (28. e5 Bxd5 29. Bxd5+ Rxd5
30. Rxc3 Rxa4 31. Rc8+ Kf7 32. R1c7+ Kg6 33. Rg8 (33. Rc6+ Kh5 $17) 33... Ra3+
34. Kf2 Ra2+ $11) 28... Kf7 29. g4 Rc8 $132) 26. Rxc3 Ra2+ 27. Kf1 Kf8 28. Rec1
a5 29. Rc7 Ba6+ 30. Kg1 Bd3 31. e5 b5 32. d6 Bc4 33. R1xc4 bxc4 34. Bd5 $18)
25... c2 26. Re2 Rec8 27. e5 a6 28. d6 Bxg2 29. Kxg2 Kf8 30. d7 (30. f5 Ke8 (
30... R8c6 31. Rd2 Ke8 32. e6 fxe6 33. fxe6 $18) 31. e6 fxe6 32. fxe6 Rd8 33.
d7+ Ke7 34. Rcxc2 Rxc2 35. Rxc2 Kxe6 36. Rc6+ Ke7 37. Rxb6 a5 38. Ra6 Rxd7 39.
Rxa5 Rd2+ 40. Kh3 Ra2 $16) 30... Rd8 31. Rexc2 Rd4 32. Rc6 R8xd7 33. Rxb6 Rxa4
34. Rc8+ Ke7 35. f5 Rd2+ 36. Kh3 Raa2 37. Rc7+ (37. f6+ gxf6 38. exf6+ Kd7 39.
Rf8 Rxh2+ 40. Kg4 Ra4+ 41. Kf3 Ra3+ 42. Ke4 Kc7 43. Rfb8 $11) 37... Rd7 38.
Rcc6 (38. f6+ gxf6 39. exf6+ Kd8 $11) 38... a5 (38... Rdd2 39. Rb7+ Kd8 (39...
Rd7 40. f6+ gxf6 41. exf6+ Ke8 42. Rc8+ Rd8 43. Re7+ $18) 40. Rxf7 Rxh2+ 41.
Kg4 Ra4+ 42. Kg5 Rg2 43. Rxg7 Rxg3+ 44. Kf6 $18) 39. f6+ (39. g4 Rd3+ 40. Kh4
Rxh2+ 41. Kg5 h6+ 42. Kf4 Rd4+ 43. Kg3 Rhd2 $17) 39... gxf6 40. exf6+ Ke8 41.
Rb8+ Rd8 42. Rb7 Rf2 43. Re7+ Kf8 44. Ra7 (44. Re5 a4 45. Ra5 Ke8 46. Rxa4 Rdd2
47. Kg4 Kd7 (47... h5+ 48. Kg5 Rd5+ 49. Kh6 Kd7 50. Rca6 $18) 48. Rb6 (48. Rca6
Rd6 $11) 48... Kc7 49. Rba6 h5+ 50. Kg5 Rd5+ 51. Kh6 Rxh2 52. Ra7+ Kb6 53.
R4a6+ Kb5 54. Ra5+ Kc4 55. Rxd5 Kxd5 56. Rxf7 Ke6 57. Kg7 $18) 44... Ke8 45.
Rxa5 Rdd2 46. Ra7 Rxh2+ 47. Kg4 Rc2 $1 (47... Rd4+ 48. Kf3 Rd8 49. Rcc7 $18)
48. Re7+ Kf8 49. Rb7 Ke8 50. Re7+ Kf8 51. Ra6 Ra2 52. Rb7 (52. Rd7 Ke8 53. Rad6
Ra4+ 54. Kf3 Ra3+ 55. Ke4 Re2+ $11) 52... Ke8 53. Rc6 Ra4+ 54. Kf3 Ra3+ 55. Ke4
Ra4+ 56. Kd3 Ra3+ 57. Kd4 Rd2+ 58. Ke4 (58. Ke5 Re2+) 58... Re2+ 59. Kf4 Rf2+
60. Kg5 (60. Kg4 Ra8 61. Kg5 Kf8 62. g4 Re8 $11) 60... Ra8 $11) 23... b5 24.
Rc3 a5 25. Rb1 Rc5 26. g4 Kf8 27. h4 $14) 23. Rad1 $18 f6 24. a4 Kf8 25. Re3 g6
26. Bf3 Re7 27. e5 Ree8 28. g4 Kg7 (28... g5 29. exf6 gxf4 30. Re7 Rxe7 31.
fxe7+ Kxe7 32. d6+ Rxd6 33. Re1+ Re6 34. Bxb7 Rxe1 35. Kxe1 Kf6 36. Kf2 $18)
29. g5 fxg5 30. fxg5 c4 31. e6 Rd6 32. Kg3 Rf8 33. Rd4 Ba6 34. Rf4 b5 35. axb5
(35. Rf6 $1 $18) (35. Rxf8 Kxf8 36. Kf4 b4 37. Ke5 Ke7 38. Be4 $18) 35... Bxb5
36. Rxf8 (36. Rf6 Rxf6 37. gxf6+ Kxf6 $17) 36... Kxf8 37. Kf4 Ke7 38. Ke5 Ba6
39. Be4 $138 1-0

[Event "Match/Team URS-World 20,5-19,5"]
[Site "Belgrade"]
[Date "1970.04.04"]
[Round "4.7"]
[White "Uhlmann, Wolfgang"]
[Black "Taimanov, Mark E"]
[Result "1-0"]
[WhiteElo "2570"]
[BlackElo "2600"]
[Annotator "Uhlmann/Taimanov"]
[PlyCount "92"]
[EventDate "1970.03.29"]
[EventType "team"]
[EventRounds "4"]
[EventCountry "YUG"]
[SourceTitle "MCL"]
[Source "ChessBase"]
[SourceDate "1999.07.01"]
[SourceVersion "1"]
[SourceVersionDate "1999.07.01"]
[SourceQuality "1"]
[WhiteTeam "World"]
[BlackTeam "Soviet Union"]
[BlackTeamCountry "URS"]
[TimeControl "40/9000:16/5400:0"]

1. Nf3 Nf6 2. c4 e6 3. Nc3 Bb4 4. g3 O-O 5. Bg2 d5 6. a3 Be7 (6... Bxc3 7. bxc3
$14 {Uhlmann=:U}) 7. d4 c6 $146 (7... Nbd7 8. b3 c6 9. O-O b6 10. Bb2 Ba6 11.
Nd2 Rc8 12. Re1 c5 13. dxc5 Nxc5 14. cxd5 exd5 15. b4 d4 16. Nce4 Nfxe4 17.
Nxe4 Nxe4 18. Bxe4 Bf6 19. Qa4 Bc4 20. Rad1 Qe7 21. Bf5 b5 22. Qc2 Be6 23. Qd3
Bxf5 24. Qxf5 Qb7 25. Bxd4 Bxd4 26. Rxd4 Rc3 27. Rd7 Qb6 28. Red1 Rxa3 29. R1d6
Qb8 30. Qd5 Rc3 31. Rb7 Qc8 32. Rdd7 Rc1+ 33. Kg2 Qc6 34. Qxc6 Rxc6 35. Rxb5 a6
36. Rbb7 g6 37. f4 {Szabo,L-Toth,B Budapest 1967 1-0}) 8. O-O Nbd7 {P 9... dc
Taimanov=:T} 9. Qd3 (9. b3 $142 b6 10. Bb2 Ba6 11. Ne5 $1 Nxe5 (11... Qc7 12.
Rc1 $16) 12. dxe5 Nd7 13. cxd5 cxd5 14. f4 $16 {U}) 9... a5 10. Bf4 (10. e4
dxe4 11. Nxe4 a4 {T}) 10... b6 11. cxd5 Ba6 $1 {T} (11... cxd5 12. Nb5 {T}) 12.
Qb1 cxd5 (12... Nxd5 13. Rc1 {U}) 13. Re1 $2 {U/T} (13. Rc1 $142 {U/T}) 13...
Rc8 14. Rc1 b5 $36 (14... Nh5 15. Bd2 f5 {T}) 15. b4 Qb6 (15... Nb6 16. bxa5 (
16. Nxb5 $1 Bxb5 17. bxa5) 16... Nc4 17. Nxb5 Qxa5 18. a4 Ne4 {T}) (15... a4
16. Ne1 {P d3-c5 T}) 16. Bf1 (16. bxa5 Qxa5 17. Bd2 {T}) 16... a4 (16... axb4
17. axb4 Rc4 18. Na2 Ne4 19. Be3 $15 {U}) 17. Qd3 Rc6 $2 (17... Rc4 {U/T}) 18.
Ne5 Nxe5 (18... Rcc8 $142 {U}) 19. dxe5 Ng4 (19... Nd7 20. e4 d4 21. Nxa4 $1
bxa4 22. Rxc6 Qxc6 (22... Bxd3 23. Rxb6 Bxf1 24. Rb7 $18 {T}) 23. Qxa6 $16 {U})
20. Qf3 f5 (20... Nh6 $142 {U}) 21. h3 g5 (21... Nh6 22. Be3 {P 23. d5! T} (22.
Bxh6 gxh6)) 22. hxg4 gxf4 23. Qxf4 (23. gxf5 Rxf5 24. Bh3 $1 {U}) 23... d4 (
23... Rc4 24. Qh6 (24. Nxd5 exd5 25. Rxc4 dxc4 26. gxf5 Bb7 $13 {U}) 24... Rxg4
$2 (24... fxg4 25. e3 $16) 25. Nxd5 Rxg3+ 26. Bg2 Rxg2+ 27. Kxg2 Bb7 28. e4 $1
$18 {U/T}) (23... Rfc8 24. gxf5 Rxc3 25. Rxc3 Rxc3 26. f6 $18 {T}) (23... fxg4
24. Qxg4+ Kh8 25. e3 Qc7 26. Qd4 $16 {T}) 24. Nd1 fxg4 25. Rxc6 Qxc6 26. Rc1 $1
{T} Qd7 (26... Qd5 27. Bg2 $1 {U}) 27. Qxg4+ Kh8 28. Bg2 Bc8 (28... d3 29. exd3
Qxd3 30. Qxe6 Bg5 31. Ra1 Bc8 32. Qd6 $18 {U}) 29. Nb2 Rg8 30. Qh3 Bg5 31. Rc2
Qf7 32. Nd3 Bd7 33. Rc7 Rc8 34. Rxc8+ Bxc8 35. Qg4 Bh6 36. Qxd4 Bd7 37. Nc5 Be8
38. Qd8 (38. Bh3 {U}) 38... Bf8 39. Qc8 Bxc5 40. Qxc5 Kg7 41. Bc6 Bxc6 42. Qxc6
Qf5 43. Qxb5 Qb1+ 44. Kh2 Qf5 45. Qd7+ Kh6 46. Qd4 Kg7 1-0

[Event "Breda m"]
[Site "Breda"]
[Date "1998.05.09"]
[Round "3"]
[White "Van Wely, Loek"]
[Black "Timman, Jan H"]
[Result "1-0"]
[WhiteElo "2605"]
[BlackElo "2635"]
[Annotator "Van Wely,L"]
[PlyCount "83"]
[EventDate "1998.05.07"]
[EventType "match"]
[EventRounds "10"]
[EventCountry "NED"]
[SourceTitle "CBM 065"]
[Source "ChessBase"]
[SourceDate "1998.08.06"]
[SourceVersion "1"]
[SourceVersionDate "1998.08.06"]
[SourceQuality "1"]

1. Nf3 Nf6 2. c4 e6 3. Nc3 Bb4 4. Qc2 O-O 5. a3 Bxc3 6. Qxc3 b6 7. b4 Bb7 8.
Bb2 d6 9. e3 Nbd7 10. Be2 Qe7 11. O-O c5 12. d3 Rfe8 (12... Rac8 $5 {wurde von
Hjartarson gegen Kasparov gespielt. Er stand ok, aber...verlor.}) 13. a4 a5 (
13... e5 $5 {war die interessante Alternative. Es droht} 14. Z0 d5 15. bxc5 d4
$1 16. exd4 exd4 17. Nxd4 bxc5) 14. bxc5 (14. b5 $6 {Jetzt braucht sich
Schwarz nur auf den Königsflügel zu konzentrieren.}) 14... bxc5 15. Nd2 {
mit der Idee Nb1-Na3-Nb5} Ne5 {Die gleiche Idee wie Weiß hat auch Schwarz:
Nc6-Nb4} 16. d4 ({zu scharf sah mir aus:} 16. f4 $5 Nc6 17. g4 e5 {und Weiss
steht etwas exponiert}) 16... cxd4 17. exd4 Ng6 18. Rfe1 Rec8 19. Qg3 Qd7 20.
h4 $1 {Schwarz muss jetzt mit einem eventuallen h5-h6 rechnen.} d5 21. c5 Bc6
22. Bd1 Qc7 23. Qxc7 Rxc7 24. g3 Ne7 $2 {Verpasst seine einzige Chance auf
aktives Gegenspiel.} (24... Ne4 $142 $1 25. Nxe4 (25. Nb3 $5) 25... dxe4 26.
Bc2 Ne7 (26... f5 $2 27. f3 exf3 28. Rxe6 $16) 27. Bxe4 Bxe4 28. Rxe4 Nd5 {
mit schöner positioneller Kompensation.} (28... Nc6)) 25. f3 Be8 26. Bc3 Nc6
27. Nb3 {Überdeckt c5, so daß e5 verhindert bleibt.} Nd7 28. Rb1 Ndb8 29. Be2
$1 {mit der Idee 30. Lb5 +/-; Weiss muss e6-e5 stoppen. Schwarz musste
verhindern, dass Weiss seinen Läufer nach b5 bringt, indem er a4 angreift,
aber er hat ein anderen Plan gewählt, der taktisch nicht korrekt ist.} Nb4 30.
Nxa5 Rxa5 31. Rxb4 Nc6 32. Rb8 $1 {Der erste taktische Schlag.} Nxb8 33. Bxa5
Ra7 34. Rb1 Nc6 (34... Ra8 35. Bb5 $1 Bxb5 36. axb5 Rxa5 37. c6 $18) 35. Bb5 $1
{und der zweite Schlag. Hier kam der Schiedsricher und gab Jan 8 Sekunden Ruhe.
} Ra8 (35... Nxd4 36. Bc3 $1 ({nicht so stark ist} 36. Bxe8 Rxa5 37. Rb8 Kf8
38. Bb5+ Ke7 39. Rb7+ $16) 36... Nxb5 (36... Bxb5 37. Bxd4 Be8 38. Rb8 Kf8 39.
c6 $18) 37. axb5 Rb7 38. Ra1 Rxb5 39. Ra8 Kf8 40. c6 $18) 36. Bc7 $1 (36. Bc3
$6 {Zwar steht Weiss auch nach diesen Zug auf Gewinn , aber mit dem Textzug
wird die Partie bald zu Ende sein.}) 36... f6 (36... Nxd4 37. Bxe8 Rxe8 38. a5
Nc6 {sonst Tb8 und a6-a7} 39. Rb7 {und der a-Bauer macht dass Rennen.}) 37. a5
Ra7 (37... Rc8 38. Bxc6 Bxc6 39. Bd6 {mit idee 40.Tb6,41 a6 +-}) 38. Bb6 Ra8
39. a6 Kf7 40. Bc7 Ke7 41. Bxc6 Bxc6 42. Rb6 {und nach 43.Lb8 und 44.a7 wird
den schwarze Turm kein leichtes Leben haben.} 1-0

[Event "Bonn GSK"]
[Site "Bonn"]
[Date "1994.??.??"]
[Round "2"]
[White "Sieglen, Joachim"]
[Black "Rozentalis, Eduardas"]
[Result "0-1"]
[WhiteElo "2410"]
[BlackElo "2605"]
[Annotator "Von Gleich,A"]
[PlyCount "56"]
[EventDate "1994.??.??"]
[EventType "tourn"]
[EventRounds "9"]
[EventCountry "GER"]
[EventCategory "12"]
[SourceTitle "CBM 040"]
[Source "ChessBase"]
[SourceDate "1994.06.01"]
[SourceVersion "1"]
[SourceVersionDate "1994.06.01"]
[SourceQuality "1"]

1. Nf3 {Ribli} Nf6 2. c4 e6 3. Nc3 Bb4 4. Qc2 O-O 5. g3 b6 6. Bg2 Bb7 7. O-O d5
(7... Re8 $5 {Ribli}) 8. cxd5 exd5 9. d4 Nbd7 (9... Re8 {Ribli} 10. Bf4 c6 11.
Ne5 $14 {Neverov,V-Kiselev,S/Bucharest/1993/}) 10. Bf4 (10. Rd1 $5 {Ribli
Miles,A-Timman,J/Linares/1983/}) 10... c6 11. a3 (11. Rfd1 $5 {Ribli}) 11...
Bxc3 12. Qxc3 Re8 13. Rfe1 c5 14. dxc5 Nxc5 15. b4 (15. Nd4 {Ribli} Rc8 $13)
15... Nce4 16. Qb2 Ng4 17. Rf1 Rc8 18. h3 Ngf6 19. Be5 (19. Rac1 $5 {Ribli} Ba6
20. Nd4 $14) 19... Qd7 20. Rac1 Ba6 21. Rfd1 h6 22. e3 Qf5 23. Bd4 (23. Bxf6 {
Ribli} Nxf6 24. Nd4 $14) 23... Bc4 24. Ne5 Bb5 25. Nf3 h5 26. Rxc8 (26. Bxf6 $5
{Ribli}) 26... Rxc8 27. Rc1 $4 (27. Bxf6 $1 Nxf6 (27... Qxf6 28. Qxf6 Nxf6 29.
Nd4 Bc4 30. b5 $16) 28. Nd4 $16) 27... Rxc1+ 28. Qxc1 Be2 $19 0-1

[Event "Interzonal-15"]
[Site "Manila"]
[Date "1990.??.??"]
[Round "9"]
[White "Ehlvest, Jaan"]
[Black "Illescas Cordoba, Miguel"]
[Result "1-0"]
[WhiteElo "2655"]
[BlackElo "2535"]
[Annotator "Wahls,M"]
[PlyCount "63"]
[EventDate "1990.06.29"]
[EventType "swiss"]
[EventRounds "13"]
[EventCountry "PHI"]
[SourceTitle "CBM 019"]
[Source "ChessBase"]
[SourceDate "1990.12.01"]
[SourceVersion "1"]
[SourceVersionDate "1990.12.01"]
[SourceQuality "1"]

1. Nf3 c5 2. c4 e6 3. g3 b6 4. Bg2 Bb7 5. O-O Nf6 6. Nc3 Be7 7. Re1 Nc6 8. e4
O-O 9. d4 cxd4 10. Nxd4 Nxd4 11. Qxd4 Rc8 12. b3 (12. e5 $5 Bxg2 13. Kxg2 Ne8
14. Bf4) 12... d5 {Im Falle von 12...d6 hätte sich die Aktivierung der Dame
durch den Schwarzen als unlogisch herausgestellt.} 13. exd5 Nxd5 $5 14. Nxd5 (
14. cxd5 $2 Bf6) 14... exd5 (14... Bxd5 15. cxd5 Bf6 16. Qg4 Bxa1 17. Ba3 (17.
dxe6 $5) 17... Bc3 18. Bxf8 Qxf8 19. Rd1 e5 20. d6 $14) 15. Bf4 $5 (15. Bb2 Bf6
16. Qd2 Bxb2 17. Qxb2 Rc7 18. Rad1 Rd7 19. Qd4 $16) 15... g5 16. Be3 Bf6 17.
Qg4 Bxa1 18. Rxa1 $44 (18. Bxg5 f5 $1) 18... h6 19. h4 f6 20. Rd1 Rc7 21. cxd5
Rg7 22. Qa4 (22. hxg5 hxg5 23. Qa4) 22... Qd7 23. Qa3 (23. Qxa7 gxh4 24. Bxh6
hxg3 25. Bxg7 gxf2+ 26. Kxf2 Ra8 $132) 23... Ba8 (23... gxh4 $1 $13) 24. hxg5
hxg5 25. Bd4 Qg4 26. Qc1 Rd7 27. Bb2 Qf5 28. Qc4 Rfd8 (28... Kg7) 29. Be4 Qh3
30. Bxf6 b5 31. Qc1 Qg4 32. Rd4 1-0